| 000 | 00546nam a2200181Ia 4500 | ||
|---|---|---|---|
| 008 | 140529s9999 xx 000 0 und d | ||
| 020 | _a9789712348617 | ||
| 050 |
_aHD 30.28 _b.Or64 2007 |
||
| 100 | _aOrcullo, N. A. | ||
| 245 |
_aFundamentals of strategic management / _cN. A. Orcullo, Jr. |
||
| 260 |
_aManila, Philippines : _bRex Book Store, Inc., _cc2007. |
||
| 300 |
_a302 p. ; _c22 cm. |
||
| 500 | _aIncludes appendices and index. | ||
| 521 | _aBSBA | ||
| 650 | _aOrganizational effectiveness. | ||
| 942 |
_kLOC _cBK |
||
| 999 |
_c117676 _d117676 |
||